Дендизм и Джордж Брэммель (Запись № 5962609)

Подробности
000 -МАРКЕР
контрольное поле 01714nam0a22003491 4500
001 - ИДЕНТИФИКАТОР ЗАПИСИ
контрольное поле v19\rc\1917002
005 - ИДЕНТИФИКАТОР ВЕРСИИ
контрольное поле 20081009182055.8
035 ## - ДРУГИЕ СИСТЕМНЫЕ НОМЕРА
Идентификатор записи (NLR Aleph) 005267306
100 ## - ДАННЫЕ ОБЩЕЙ ОБРАБОТКИ
Данные общей обработки 20080404d1912 |||y0rusy50 ca
101 1# - ЯЗЫК РЕСУРСА
Язык текста, звукозаписи и т.д. русский
Язык оригинала французский
102 ## - СТРАНА ПУБЛИКАЦИИ ИЛИ ПРОИЗВОДСТВА
Страна публикации Российская Федерация
105 ## - ПОЛЕ КОДИРОВАННЫХ ДАННЫХ: ТЕКСТОВЫЕ МАТЕРИАЛЫ, МОНОГРАФИЧЕСКИЕ
Кодированные данные о монографическом текстовом документе c z |||||
200 1# - ЗАГЛАВИЕ И СВЕДЕНИЯ ОБ ОТВЕТСТВЕННОСТИ
Основное заглавие Дендизм и Джордж Брэммель
Первые сведения об ответственности Барбэ д'Оревильи
Последующие сведения об ответственности Вступ. ст. М. Кузмина
-- Пер. М. Петровского
210 ## - ПУБЛИКАЦИЯ, РАСПРОСТРАНЕНИЕ И ДР.
Место издания, распространения и т.д. Москва
Имя издателя, распространителя и т. д. Альциона
Дата издания, распространения и т.д. 1912
215 ## - ФИЗИЧЕСКАЯ ХАРАКТЕРИСТИКА
Специфическое обозначение материала и объем [4], VI, 114 с., 1 л. фронт. портр., 2 л. портр.
Размеры 17
300 ## - ОБЩИЕ ПРИМЕЧАНИЯ
Текст примечания В конце предисл. к 1 изд. Ж.А. Барбэ д'Оревильи, ко 2 изд. Ж.К [!] Барбэ д'Оревильи
700 #1 - ИМЯ ЛИЦА - ПЕРВИЧНАЯ ОТВЕТСТВЕННОСТЬ
Связь между полями z01790
Начальный элемент ввода Барбэ д'Оревильи
Часть имени, кроме начального элемента ввода Ж. А.
Даты 1808-1889
Расширение инициалов личного имени Жюль Амедей
Идентификатор авторитетной/нормативной записи RU\NLR\AUTH\7735675
Графика поля Кириллица
702 #1 - ИМЯ ЛИЦА - ВТОРИЧНАЯ ОТВЕТСТВЕННОСТЬ
Начальный элемент ввода Кузмин
Часть имени, кроме начального элемента ввода М. А.
Дополнения к именам, кроме дат поэт
Даты 1872-1936
Расширение инициалов личного имени Михаил Алексеевич
Идентификатор авторитетной/нормативной записи RU\NLR\auth\779851
Код отношения Автор
Графика поля Кириллица
702 #1 - ИМЯ ЛИЦА - ВТОРИЧНАЯ ОТВЕТСТВЕННОСТЬ
Начальный элемент ввода Петровский
Часть имени, кроме начального элемента ввода М. П.
Даты 1833-1912
Расширение инициалов личного имени Мемнон Петрович
Идентификатор авторитетной/нормативной записи RU\NLR\AUTH\7753385
Код отношения Переводчик
Графика поля Кириллица
702 #1 - ИМЯ ЛИЦА - ВТОРИЧНАЯ ОТВЕТСТВЕННОСТЬ
Начальный элемент ввода Брэммель
Часть имени, кроме начального элемента ввода Д.
Расширение инициалов личного имени Джордж
Код отношения Прочие
790 #1 - ИМЯ ЛИЦА - АЛЬТЕРНАТИВНАЯ ФОРМА
Связь между полями z01700
Начальный элемент ввода Барбе д'Оревильи
Часть имени, кроме начального элемента ввода Ж. А.
Даты 1808-1889
Расширение инициалов личного имени Жюль Амедей
790 #1 - ИМЯ ЛИЦА - АЛЬТЕРНАТИВНАЯ ФОРМА
Связь между полями z01700
Начальный элемент ввода Барбэ д'Оревильи
Часть имени, кроме начального элемента ввода Ж. К.
Даты 1808-1889
790 #1 - ИМЯ ЛИЦА - АЛЬТЕРНАТИВНАЯ ФОРМА
Связь между полями z01700
Начальный элемент ввода Оревильи
Часть имени, кроме начального элемента ввода Ж. А. д'
Даты 1808-1889
Расширение инициалов личного имени Жюль Амедей д'
801 #0 - ИСТОЧНИК ЗАПИСИ
Страна Российская Федерация
Организация NLR
Дата составления 20080404
Правила каталогизации psbo
801 #0 - ИСТОЧНИК ЗАПИСИ
Страна Российская Федерация
Организация RuMoRGB
Дата составления 20080404
Источник данных psbo
801 #1 - ИСТОЧНИК ЗАПИСИ
Страна Российская Федерация
Организация ProSoft-M
Дата составления 20080404
Источник данных rusmarc
801 #2 - ИСТОЧНИК ЗАПИСИ
Страна Российская Федерация
Организация NLR
Дата составления 20081009
Источник данных rusmarc
852 ## - МЕСТОНАХОЖДЕНИЕ И ШИФР ХРАНЕНИЯ
Идентификатор организации NLR
Шифр хранения (Call Number) 112/297
852 ## - МЕСТОНАХОЖДЕНИЕ И ШИФР ХРАНЕНИЯ
Идентификатор организации NLR
Наименование фонда или коллекции (Sub-Location Identifier) Мф
Шифр хранения (Call Number) К1/4621
942 ## - ДОПОЛНИТЕЛЬНЫЕ ЭЛЕМЕНТЫ ЗАПИСИ (АБИС)
Тип экземпляра АБИС Книга
980 ## - КОЛЛЕКЦИЯ
Название коллекции Национальная библиография
Экземпляры
Тип экземпляра Дата поступления Библиотека постоянного хранения Библиотека текущего хранения Место хранения Шифр хранения Штрих-код Статус экземпляра
Книга 26.10.2013 РНБ (Московский) РНБ (Московский) Фонд микроформ Мф К1/4621 5267306-20  
Книга 26.10.2013 РНБ (Садовая) РНБ (Садовая) Русский книжный фонд -Главное здание, Ленинский читальный зал 112/297 1-3861278